000 00459nam a2200217 454500
001 052944
003 BD-ChCU
008 Eng
020 _a8121906679
040 _aDLC
_cDLC
_dBD-ChCU
082 0 0 _a537/t354e
100 1 _aTewari, K.K.
_bx
245 1 0 _aElectricity and magnetism
_bx
250 _a3
260 _aNew Delhi
_bS. Chand
_c2001
300 _axv, 776
504 _aIncludes
650 0 _ax
_bx
700 1 _ax
942 _2ddc
_cBK
999 _c52944
_d52944